The equilibrium of natural streams (Record no. 42314)

MARC details
000 -LEADER
fixed length control field 00762nam a2200205 a 4500
008 - FIXED-LENGTH DATA ELEMENTS--GENERAL INFORMATION
fixed length control field 120416s1978 ||||||||||||||||| || u
020 ## - INTERNATIONAL STANDARD BOOK NUMBER
International Standard Book Number 0860940063
050 ## - LIBRARY OF CONGRESS CALL NUMBER
Classification number GB 561 Wes
100 ## - MAIN ENTRY--PERSONAL NAME
Personal name West, Elizabeth A
245 14 - TITLE STATEMENT
Title The equilibrium of natural streams
246 ## - VARYING FORM OF TITLE
Title proper/short title a new theoretical approach providing a key to the understanding of longer-term fluvial processes
260 ## - PUBLICATION, DISTRIBUTION, ETC.
Place of publication, distribution, etc. Norwich
Name of publisher, distributor, etc. Geo Abstracts Ltd
Date of publication, distribution, etc. 1978
300 ## - PHYSICAL DESCRIPTION
Extent xiv, 205p.: ill.
350 ## - PRICE (NR) (BK AM CF MU VM SE) [OBSOLETE]
Price 0.00
490 ## - SERIES STATEMENT
Series statement Geo books
500 ## - GENERAL NOTE
General note Bibliography.
650 ## - SUBJECT ADDED ENTRY--TOPICAL TERM
Topical term or geographic name entry element Rivers
650 ## - SUBJECT ADDED ENTRY--TOPICAL TERM
Topical term or geographic name entry element Sedimentation and deposition
995 ## - RECOMMENDATION 995 [LOCAL, UNIMARC FRANCE]
-- 0.00
-- CBU-MAIN LIBRARY (Kitwe)
-- 1
-- 5.35
-- 1
-- AVAILABLE
-- Feb 21, 2007
-- Main Library Open Access Collection
Holdings
Withdrawn status Lost status Source of classification or shelving scheme Damaged status Not for loan Home library Current library Shelving location Date acquired Total Checkouts Full call number Barcode Date last seen Price effective from Koha item type
          CBU-MAIN LIBRARY, KITWE. CBU-MAIN LIBRARY, KITWE.   11/30/2022   GB 561 Wes 001763 11/30/2022 11/30/2022 MONOGRAPH